| 000 | 01117nam a22003137a 4500 | ||
|---|---|---|---|
| 999 |
_c21467 _d21467 |
||
| 003 | AR-CdUCM | ||
| 008 | 190220b ||||| |||| 00| 0 spa d | ||
| 020 | _a9789972516887 | ||
| 040 |
_aMUNICIPALIDAD PROVINCIAL DEL CUSCO _cBIBLIOTECA MUNICIPAL DEL CUSCO |
||
| 082 |
_a338.479/G22 _b G22 |
||
| 100 |
_aGarcía, Pablo _944907 |
||
| 245 |
_aEn el nombre del turista : _bpaisaje, patrimonio y cambio social en Chinchero / _cPablo García |
||
| 260 |
_aLima : _bInstituto de Estudios Peruanos, IEP, _c2018. |
||
| 300 |
_a316 páginas. : _bilustraciones ; _c23 cm. |
||
| 440 |
_aEstudios de la Sociedad Rural, _n50. _944908 |
||
| 500 | _zBibliografía: p. [287]-316. | ||
| 650 |
_aTurismo _944909 |
||
| 650 |
_aComunidades campesinas _92214 |
||
| 650 |
_aIdentidad cultural _92943 |
||
| 650 |
_aCambio social _95168 |
||
| 650 |
_aPatrimonio cultural _93805 |
||
| 650 |
_aChinchero Cusco _944910 |
||
| 650 |
_aVida y costumbres sociales _9857 |
||
| 650 |
_aCondiciones sociales _944911 |
||
| 650 |
_aPerú _944912 |
||
| 710 |
_aInstituto de Estudios Peruanos (Lima) _99759 |
||
| 942 |
_2ddc _cLIBROS |
||
| 945 | _aRoel | ||